000 01169nam a2200325 a 4500
001 000111493
003 CHAP
005 20220329144214.0
008 150512s2015 mx a fsm |||||||spa d
010 _a107955
011 _a108927
040 _cCHAP
090 _aTesis
100 1 _aMorales Licona, Gerardo
_9129382
245 1 0 _aOptimización de la nixtamalización de cebada maltera (Hordeum vulgare L.) y su aplicación en galleta integral dulce
_h[En línea]
_cpor Gerardo Morales Licona.
260 _aChapingo, Méx. :
_bEl autor,
_c2015.
500 _aPara ver el contenido del material haga clic en la liga
502 _aTesis (Ing. Agroindustrial) -- UACH. Departamento de Ingeniería Agroindustrial
590 _aE6096MTM
_b05
_c20150512
_lUCH01
_h1453
590 _aE6096MTM
_b05
_c20150512
_lUCH01
_h1454
650 1 4 _aCebada maltera
_xSubproductos.
_920730
650 1 4 _aGalletas.
_944431
650 1 4 _aHarina de cereales.
_952700
650 1 4 _aHarina
_xProteínas.
_952688
650 1 4 _aNixtamalización.
_981486
856 _aFinding aid
_uhttp://10.13.5.2/tesis/sist111493.pdf
_zTeclea aquí
901 _aBK
942 _cTESIS
942 _n0
999 _c107955
_d107955